| 000 | 00951cam a2200313 i 4500 | ||
|---|---|---|---|
| 001 | 768714001 | ||
| 003 | CO-MdFUSB | ||
| 005 | 20250528095014.0 | ||
| 007 | ta | ||
| 008 | 250527t1980 -sp||||| |||| 00| 0 spa d | ||
| 020 |
_a84-7228-514 _q-6 |
||
| 040 | _cCO-MdFUSB | ||
| 041 | 0 | _aspa | |
| 082 | 0 | 4 |
_223 _a248.4 _bW1321s |
| 100 | 1 |
_aWagner, C. Pedro (Peter) _eautor |
|
| 240 | _aYour spiritual gifts can help your church grow | ||
| 245 | 1 | 0 |
_aSus dones espírituales : _bpueden ayudar a crecer a su iglesia _c/ C. Peter Wagner ; traducido por Xavier Vila |
| 264 | 1 |
_aTerrassa, Barcelona, España : _bClie, _c[1980] |
|
| 264 | 4 | _c©1980 | |
| 300 | _a266 páginas | ||
| 336 |
_atexto _btxt _2rdacontent |
||
| 337 |
_2rdamedia _asin mediación _bn |
||
| 338 |
_2rdacarrier _avolumen _bnc |
||
| 563 | _aRústico | ||
| 653 | _aDones espirituales | ||
| 700 |
_aVila, Xavier. _92156 _etraductor |
||
| 942 | _cBK | ||
| 945 | _aMiguel Gómez | ||
| 999 |
_c35897 _d35897 |
||